| 000 | 01386cas a2200361 a 4500 | ||
|---|---|---|---|
| 003 | URS | ||
| 005 | 20250828102822.0 | ||
| 008 | 031008c20019999ph wr p 0 0eng | ||
| 010 | _a 2003204964 | ||
| 022 | _a9770119-206006 | ||
| 035 | _a(OCoLC)ocm53164818 | ||
| 040 |
_aDLC _beng _cDLC _dOCLCQ _dOCLCF _dOCLCO _dDLC _dURS |
||
| 042 | _apcc | ||
| 043 | _aa-ph--- | ||
| 050 | 0 | 0 |
_aDS 651 November 3, 2014 Vol. 25 No. 23 _b |
| 245 | 0 | 0 |
_aPhilippines graphic / _bMan on a mission: _hINC's Eduardo V. Manalo _cJoel Pablo Salud |
| 246 | 3 | 0 | _aGraphic |
| 246 | 1 | 3 | _aGraphic newsweekly |
| 260 |
_aMakati, Metro Manila : _bAliw Pub. House _c@2014 ] |
||
| 300 |
_av. : _bill. (some col.) ; _c28 cm. |
||
| 310 | _aWeekly | ||
| 362 | 1 | _aBegan in 2001. | |
| 505 | _aHow the PNP can avoid the dark side/fact, fiction and the VFA in between the slaying of Jeffrey Laude | ||
| 588 | _aDescription based on: Vol. 12, no. 19 (Oct. 8, 2001); title from cover. | ||
| 588 | _aLatest issue consulted: Vol. 14, no. 3 (June 30, 2003). | ||
| 651 | 0 |
_aPhilippines _vPeriodicals. |
|
| 651 | 7 |
_aPhilippines. _2fast _0(OCoLC)fst01205261 |
|
| 655 | 7 |
_aPeriodicals. _2fast _0(OCoLC)fst01411641 |
|
| 780 | 0 | 0 |
_tPhilippine graphic weekly magazine (Print) _w(DLC) 2003411369 _w(OCoLC)51810146 |
| 906 |
_a7 _bcbc _cserials _d3 _encip _f20 _gn-oclcserc |
||
| 942 |
_2lcc _cS |
||
| 999 |
_c85724 _d85722 |
||